Statistiken für Inseln Ozeaniens - mit Karte

Klicken Sie hier um das Quiz zu spielen!

Allgemein

  • Dieses Quiz wurde 42 mal gespielt
  • Das Durchschnittsergebnis liegt bei 10 aus 14

Antworten auf der Karte

Die Antworten werden auf der Karte rot bzw. grün angezeigt, abhängig davon wie oft sie richtig erraten wurden.
 

Antwortstatistiken

Antwort% Korrekt
Australien
100%
Papua-Neuguinea
91%
Neuseeland
88%
Kiribati
85%
Marshallinseln
74%
Fidschi
71%
Palau
71%
Nauru
65%
Salomonen
65%
Mikronesien
50%
Samoa
50%
Tonga
50%
Tuvalu
47%
Vanuatu
47%

Verteilung der Resultate

Perzentil nach korrekt beantworteten Fragen

Anzahl Personen mit jedem Resultat

Ihre Resultats-Entwicklung

Sie haben dieses Quiz noch nicht gespielt